|
|
|
|
| LEADER |
01420nam a2200385 a 4500 |
| 001 |
000549661 |
| 003 |
CZ BrMZK |
| 005 |
20220103160409.0 |
| 007 |
ta |
| 008 |
010907s2000 xr f cze d |
| 015 |
|
|
|a cnb000888129
|
| 020 |
|
|
|a 80-245-0128-7
|
| 040 |
|
|
|a BOA001
|b cze
|
| 043 |
|
|
|a e-xr---
|
| 072 |
|
7 |
|a 35
|x Veřejná správa
|2 Konspekt
|9 15
|
| 080 |
|
|
|a 35
|2 MRF
|
| 080 |
|
|
|a 005:[007+004]
|2 MRF
|
| 080 |
|
|
|a (437.3)
|2 MRF
|
| 080 |
|
|
|a (047.31)
|2 MRF
|
| 100 |
1 |
|
|a Doucek, Petr,
|d 1960-
|7 jn20001227265
|4 aut
|
| 245 |
1 |
0 |
|a Informační potřeba pracovníků státní správy a samosprávy /
|c P. Doucek, M. Husák, L. Nedomová.
|
| 260 |
|
|
|a Praha :
|b Vysoká škola ekonomická,
|c 2000
|
| 300 |
|
|
|a 65 s. ;
|c 21 cm
|
| 490 |
1 |
|
|a Vědecký a výzkumný sborník ;
|v č. 4
|
| 504 |
|
|
|a Obsahuje bibliografii
|
| 650 |
0 |
7 |
|a veřejná správa
|7 ph127076
|z Česko
|2 czenas
|
| 650 |
0 |
7 |
|a informační management
|7 ph114770
|2 czenas
|
| 655 |
|
7 |
|a výzkumné zprávy
|7 fd131869
|2 czenas
|
| 700 |
1 |
|
|a Nedomová, Lea,
|d 1963-
|7 jn20001227267
|4 aut
|
| 700 |
1 |
|
|a Husák, M.
|4 aut
|
| 710 |
2 |
|
|a Vysoká škola ekonomická v Praze.
|b Fakulta informatiky a statistiky.
|b Katedra systémové analýzy
|7 kn20010709166
|
| 830 |
|
0 |
|a Vědecký a výzkumný sborník
|
| 910 |
|
|
|a BOA001
|b 2-1082.200
|
| 990 |
|
|
|a BK
|
| 996 |
6 |
|
|b 2610129312
|c 2-1082.200
|l MZK
|r Sklad / do 1 hodiny
|n 2
|p p.v.
|w 000549661
|u 000010
|a 1
|e BOA001
|j MZK50
|s P
|